|
|
|
|
| LEADER |
00000nam0a2200000 4500 |
| 001 |
193195 |
| 005 |
20231101224452.0 |
| 035 |
|
|
|a (RuTPU)RU\TPU\book\210706
|
| 090 |
|
|
|a 193195
|
| 100 |
|
|
|a 20110321d1979 k y0rusy50 ca
|
| 101 |
0 |
|
|a rus
|
| 102 |
|
|
|a GE
|
| 105 |
|
|
|a a z 001zy
|
| 200 |
1 |
|
|a Спирохромены
|e монография
|f К. Х. Джапаридзе
|g Академия наук Грузинской ССР (АН ГрузССР), Институт кибернетики
|
| 210 |
|
|
|a Тбилиси
|c Мецниереба
|d 1979
|
| 215 |
|
|
|a 111 с.
|c ил.
|
| 320 |
|
|
|a Библиогр.: с. 106-110.
|
| 606 |
1 |
|
|a Спирохромены
|2 stltpush
|3 (RuTPU)RU\TPU\subj\55860
|9 73817
|
| 610 |
1 |
|
|a химия
|
| 610 |
1 |
|
|a фотохромные материалы
|
| 610 |
1 |
|
|a строение
|
| 610 |
1 |
|
|a термодинамические характеристики
|
| 610 |
1 |
|
|a кинетические характеристики
|
| 610 |
1 |
|
|a спектры
|
| 610 |
1 |
|
|a фотохромия
|
| 610 |
1 |
|
|a электронные спектры
|
| 610 |
1 |
|
|a инфракрасные спектры
|
| 610 |
1 |
|
|a поглощение
|
| 610 |
1 |
|
|a получение
|
| 610 |
1 |
|
|a монографии
|
| 610 |
1 |
|
|a спектры
|
| 675 |
|
|
|a 544.52
|v 3
|
| 700 |
|
1 |
|a Джапаридзе
|b К. Х.
|g Кохта Георгиевич
|
| 712 |
0 |
2 |
|a Академия наук Грузинской ССР (АН ГрузССР)
|b Институт кибернетики
|2 stltpush
|3 (RuTPU)RU\TPU\col\17631
|
| 801 |
|
1 |
|a RU
|b 63413507
|c 20110321
|
| 801 |
|
2 |
|a RU
|b 63413507
|c 20171010
|g RCR
|
| 942 |
|
|
|c BK
|